Регионална библиотека "Любен Каравелов" - Русе

Невробиология (Запис номер 75745)

MARC детайли
000 -Лидер
Контролно поле с фиксирана дължина 01701nam a2200373 c 4500
003 - Код на организацията, давaща контролен номер
Контролно поле BLK
005 - Дата и час на последна редакция
Контролно поле 20220622085821.0
008 - Елементи от данни с фиксирана дължина
fixed length control field 180408b bul|||||r ||||||| ||bul||
010 ## - Наследен системен номер
LC control number KNG00080165000
020 ## - Международен стандартен номер на книга ISBN
Международен стандартен номер на книга ISBN 954-07-2347-7
-- издат.: Унив. изд. Св. Климент Охридски
040 ## - Източник на каталожния запис
Идентификатор на билиотеката - собственик на записа BLK
041 ## - Код за език
Код за езика на текст/звукозапис или на отделно заглавие Български
Код за езика КДБФ Български
080 ## - УДК
Текстов определител УДК Нервна система. Сетивни органи
УДК код - определител по УДК 612.8
УДК определител (075.8)
УДК - код + определител 612.8(075.8)
080 ## - УДК
Текстов определител УДК Молекулярни основи на живота. Молекулярна биология. Генно инженерство (теория, методи) вж и 573.6
УДК код - определител по УДК 577.2
УДК определител (075.8)
УДК - код + определител 577.2(075.8)
100 1# - Редна дума - Автор
Автор Иванов, Радой Иванов
Авторска отговорност първи автор
R(LIN) 272983
139 ## - Редно поле
Редна дума Иванов, Радой Иванов
Авторски знак Иванов - И 21
245 10 - Сведения за заглавието
Заглавие Невробиология
Подзаглавни данни Общобиологични, неврофизиологични, неврохимични, психофизиологични аспекти
Редно поле (дума) Радой Иванов Иванов.
257 ## - Страна на издаване
Страна на създаване/издаване България
260 ## - Област на издателските данни
-- София
Име на издателя, разпространителя и проч. Унив. изд. Св. Климент Охридски
Година на издаване 2006
300 ## - Физическа характеристика
Страници 711 с.
Илюстрации и др. с л., сх.
Размери/Мащаб 24 см
380 ## - Жанр
Жанр Естествени науки. Математика
500 ## - Общи забележки
Забележка Офс. изд. - Библиогр. с. 703-710.
504 ## - Забележка за наличие на библиография и др
Забележка за наличие на библиография и под. 703-710
650 #4 - Допълнително описание по предмет – тема
Основно описание – тема или топоним Нервна система - физиология
9 (RLIN) 243235
650 #4 - Допълнително описание по предмет – тема
Основно описание – тема или топоним Неврофизиология
9 (RLIN) 163858
653 ## - Ключова дума – ненормативна
Ключова дума невробиология
653 ## - Ключова дума – ненормативна
Ключова дума нервна система
653 ## - Ключова дума – ненормативна
Ключова дума учебници за ВУЗ
852 ## - Местоположение
Форматна сигнатура Цб 237485
856 4# - Електронен адрес и достъп
Електронен формат pdf - файл
Път до файла /url/
856 4# - Електронен адрес и достъп
Електронен формат pdf - файл
Път до файла /url/
942 ## - АРТИКУЛИ
Вид на библиотечния материал Книги
Скрит в OPAC Не
Koha issues (borrowed), all copies 1
944 ## - СЪЗДАВАНЕ И РЕДАКЦИЯ на ЗАПИСА
Създаване/Редакция Създаване
Дата на регистрацията/редакция 14.12.2007
Служител, извършил регистрацията/редакцията Наталия_Медовщикова
944 ## - СЪЗДАВАНЕ И РЕДАКЦИЯ на ЗАПИСА
Създаване/Редакция Редакция
Дата на регистрацията/редакция 09.01.2009
Служител, извършил регистрацията/редакцията
999 ## - СИСТЕМНИ КОНТРОЛНИ НОМЕРА
Koha biblionumber 75745
Koha biblioitemnumber 75745
Наличности
Код за отписване Код за изгубен артикул Код за повреда Коз за рестрикции Код за отдаване Артикулен № Име на библиотеката - собственик Име на библиотеката, в която се намира в момента Статус (Текущо местоположение) Дата на вписване в системата Местоположение - отдел Цена в лева Инвентарен номер Систематично азбучна сигнатура Баркод Номер на екземпляра Цена в евро Служебна бележка Служебен тип на артикула
  Не е изгубен Не е повреден без рестрикции ползва се в читалня 123001 Регионална библиотека "Любен Каравелов" Русе Регионална библиотека "Любен Каравелов" Русе Читалня 2007-12-14 Читалня 25.00 120000721019 Ч 612/И 21 120000721019 1 12.78 Дост: Pk Вид: Ф N: 12778 Дата: 11.12.2007 Дата инв: 17.03.2017 Бележки инв: Ч2017 Книги
  Не е изгубен Не е повреден без рестрикции ползва се в читалня 123002 Регионална библиотека "Любен Каравелов" Русе Регионална библиотека "Любен Каравелов" Русе Хранилище 2008-02-22 Хранилище 25.00 120000723752 Цб 237485 120000723752 2 12.78 Дост: Dp Вид: Д N: 49 Дата: 15.11.2007 Книги
Vip Innovations Ltd, Rousse, Bulgaria 2025